MDQL
is popping MORE tags! Check the
thread
!
Quizzes
Events
Quiz Creation
Community
Videos
Private Events
Remove Ads
Sign In
Join for FREE
Feedback
Dark Mode
Quiz Categories
Sports
Geography
Music
Movies
Television
Just For Fun
Miscellaneous
History
Literature
Language
Science
Gaming
Entertainment
Religion
Holiday
For Kids
Quiz Lab
Recent
Popular Today
Quiz Kudos Today
Editor Picks
Curator Picks
Quizzes by...
Day
Popularity
Type
Ratings
Length
Year
Community
Subscriptions
Recent Discussions
Orange Saloon
Badges
Playlists
Quests
Create
Leaderboards
Showdown
Live 5
Trivia Bingo
Activity
Puzzle Library
Sporcle Events
Private Events
Virtual Trivia
Globe League
Become a Host
Pub Owners
SporcleCon
Opinionation
Our Games
Videos
Blog
Mobile Apps
Partnerships
Remove Ads and Go Orange
Feedback
Sports
Athletes
MLB
NBA
NHL
NFL
Soccer
Sports Teams
WWE
NCAA
Football
Premier League
Basketball
Baseball
Hockey
Golf
Tennis
Cricket
Rugby
Auto Racing
Olympics
World Cup
Sports
Athletes
MLB
NBA
NHL
NFL
Soccer
Sports Teams
WWE
NCAA
Football
Premier League
Basketball
Baseball
Hockey
Golf
Tennis
Cricket
Rugby
Auto Racing
Olympics
World Cup
Random Quiz
Search Sporcle
×
Quiz Lab
Quiz Lab
Sports
costume
Type in answers that appear in a list
Type in answers that appear in a list
Classic
Best Score? Go Orange.
Marathon of London Costume World Records Stats
Can you name the Costumes people got world records with at the Marathon of London?
By
loomer50
10m
20 Questions
13 Plays
13 Plays
13 Plays
Comments
Comments
Give Quiz Kudos
Give Quiz Kudos
-
- Ratings
hide this ad
Replay
Link that replays current quiz
Next Quiz
Link to next quiz in quiz playlist
You Got
0%
They Got
Avg Score
6%
Avg Friend Score
Upgrade to see
Score Distribution
Jump to the score distribution portion of the page
Score
0/20
Timer
10:00
0
Plays Today
Name
Costume
% Correct
David Stone
Superman
61.5%
Alexander Scherz
Clown
23.1%
Emily Foran
Fairy
15.4%
David Hellard
Fairy
15.4%
Gavin Rees
Bottle
7.7%
John Bedford
Bomb Remover
0%
Peter barlow
Mr Potato Head
0%
Julie Tapley
Vegetable
0%
Les Slinn
Roman Soldier
0%
Ben Bradley
Nun
0%
Name
Costume
% Correct
Darren Cox
Astronaut
0%
David Smith
Gingerbread
0%
Barbara Stcherbatcheff
Peacock
0%
Subhashis Basu
Sailor
0%
Simon Bryant
Captain Kirk
0%
Ben Afforselles
Viking
0%
Paul Swan
Police Officer
0%
Martin Indge
Peacock
0%
David Ross
Dennis the Menace
0%
Kevin Harvey
Nurse
0%
Quiz Playlist
Details
Report
Send in Message
Add To Playlist
Classic:
Type in answers that appear in a list
Last Updated: Feb 16, 2017
Quiz Scoreboard
CHALLENGE
Sign Up to Join the Scoreboard
Show All
Scores
Hide
Comments
May contain spoilers
Recently Published
Holiday 10x10 Sorting Gallery
by lukepisani3
Holiday
15m
Two Season TV Shows II
by 123Four
Television
10m
Image Sorting: Flags VI
by Barbecue
Geography
2m
More to Explore
Quiz From the Vault
Featured Blog Post
14 Easter Pick-up Lines to Find Eggs With
hide this ad
You Might Also Like...
Tags
costume
London
marathon
Today's Top Quizzes in Sports
Browse Sports
hide this ad
Today's Top Quizzes in costume
Browse costume
Top Contributed Quizzes in Sports
1
Les meilleurs buteurs des matchs entre le PSG et l’OM
2
Les entraîneurs de l'OM et du PSG au 21e siècle
3
2022 World Cup Stars
4
Players with Multiple 50 Home Run Seasons
5
Les joueurs passés par le PSG et l'OM
6
FIFA Club World Cup Champions
7
Top 10 NHL Goal Scorers of All Time
8
Criteria MLB: Left Handed Sluggers
9
Les joueurs passés par le LOSC et le RC Lens
10
2023 MLB Unique Player Accomplishments
Explore More
Trending Topics
Marvel
Harry Potter
Crossword
Disney
Kpop
NBA
Anime
NFL
WWE
Song
Pokémon
Soccer
Country
The Office
Puzzle
hide this ad
More By:
loomer50
Quiz
Plays
Rating
Category
Featured
Created
WWE: Who Said That?
1,149
2.33
Sports
Feb 22, 2012
Where are they from?
961
4.30
Entertainment
Jun 20, 2012
RateYourMusic top Artists of the 2000s
837
5.00
Music
Jul 4, 2016
Smite Gods
796
2.25
Gaming
Jun 21, 2013
RateYourMusic top Artists of the 2010s
730
3.75
Music
Jul 1, 2016
Go to Creator's Profile
Score Distribution
Quiz Creator Spotlight
loomer50
Follow
Send a Message
Quizzes Created
-
Created Quiz Play Count
-
More By This Creator
Popular Quizzes Today
1
Find the US States - No Outlines Minefield
2
Colored Red Africa Blitz
3
Find the 'City' Movie
4
The Countries of the World
5
Find the US States
6
5x2 Blitz: Bands
7
Find the Countries of Europe - No Outlines Minefield
8
US States
More Sports Quizzes
21st Century XIs: Manchester United
Quiz Lab
Trending Quizzes
Colored Red Europe Blitz I
Colored Red Europe Blitz II
Colored Red Africa Blitz II
Colored Red Europe Blitz III
Colored Red Africa Blitz III
Recently Updated
Odd Team Out - Big 4 Players
pecheneg
Quick Pick: 20 Twenties
pecheneg
March Madness Men's Triple Doubles
pecheneg
How Do You Spell That?
pecheneg
Godzilla Movies
pecheneg
Grab Bag: 4-10 Letters
pecheneg
2024 March Madness Bracket
pecheneg
Famous TV Couples
Peacemaker
Champions League XIs: Real Madrid
pecheneg
Largest US Cities 1790-2010
pecheneg
Trending Topics
Disney
Harry Potter
Anime
Crossword
Kpop
Marvel
NBA
Soccer
Pokémon
The Office
NFL
Puzzle
WWE
Country
Song
Your Account Isn't Verified!
In order to create a playlist on Sporcle, you need to verify the email address you used during registration. Go to your
Sporcle Settings
to finish the process.
Report this User
Report this user for behavior that violates our
Community Guidelines
.
Details:
Send Report
Go to the Sporcle.com Mobile Site →
Comments